| 000 | 01367nam0a22002651 4500 | ||
|---|---|---|---|
| 001 | rc\4361841 | ||
| 005 | 20130416141412.3 | ||
| 021 |
_aRU _b[59-41043] |
||
| 035 | _a(NLR Aleph) 008535779 | ||
| 090 |
_a8316156 _c8316156 |
||
| 100 | _a20130416d1959 |||y0rusy50 ca | ||
| 101 | 0 | _arus | |
| 102 | _aRU | ||
| 105 | _aa z ||||| | ||
| 200 | 1 |
_aПолуавтоматическая установка для термической обработки алюминиевого литья _fГос. науч.-техн. ком-т Совета Министров СССР. Акад. наук СССР. Филиал Всесоюз. ин-та науч. и техн. информации |
|
| 210 |
_aМосква _cБ. и. _d1959 |
||
| 215 |
_a12 с. _cчерт. _d26 |
||
| 225 | 1 |
_aПередовой научно-технический и производственный опыт _vТема 3 _iТермическая и химико-термическая обработка металлов _v№ М-59-303/11 |
|
| 606 |
_aПоршни тракторных двигателей дизеля, алюминиевые _xТермическая обработка _xМеханизация _2psbo |
||
| 700 | 1 |
_aГирович _bМ. Я. _gМарк Яковлевич |
|
| 801 | 0 |
_aRU _bNLR _gpsbo |
|
| 801 | 1 |
_aRU _bELAR _2rusmarc |
|
| 852 |
_aNLR _jП11/1538 |
||
| 942 | _cBOOK | ||
| 980 | _aNB | ||